LEADER 00905nam0 2200277 450 001 9910594293403321 005 20221012085342.0 010 $a978-1-4408-4172-9 100 $a20221012d2017---- kmyy0itay50 ba 101 0 $aeng 102 $aUS 105 $ay 001yy 200 1 $aEnhancing library and information research skills$ea guide for academic librarians$fLili Luo, Kristine R.Brancolini and Marie R. Kennedy 210 $aSanta Barbara (Calif.)$cLibraries Unlimited$d2017 215 $aVIII, 188 p.$d25 cm 676 $a020.72 700 1$aLuo$bLili$01259512 701 1$aBrancolini$bKristine R.$01259513 701 1$aKennedy$bMarie R.$01259514 801 0$aIT$bUNINA$gREICAT$2UNIMARC 901 $aBK 912 $a9910594293403321 952 $aLUO020.72A$b3832$fDECBC 959 $aDECBC 996 $aEnhancing library and information research skills$92918490 997 $aUNINA LEADER 02129nam 2200397 450 001 9910136396603321 005 20231206214253.0 010 $a1-5044-0398-3 024 7 $a10.1109/IEEESTD.1959.7431958 035 $a(CKB)3710000000613067 035 $a(NjHacI)993710000000613067 035 $a(EXLCZ)993710000000613067 100 $a20231206d1959 uy 0 101 0 $aeng 135 $aur||||||||||| 181 $ctxt$2rdacontent 182 $cc$2rdamedia 183 $acr$2rdacarrier 200 10$aAIEE No 606-1959 $eAIEE Recommended Specification for Self Governing of Internal Combustion Engine-Generator Units /$fInstitute of Electrical and Electronics Engineers 210 1$aPiscataway, NJ, USA :$cIEEE,$d1959. 215 $a1 online resource (24 pages) 330 $aThe Recommended Specifications consist of four sections. Specification Sections II, III and IV are complete purchase specifications. They cover alternate arrangements and performance requirements of speed-governing systems for internal combustion engine-generator units. These are printed as individual forms. To gain the maximum benefit from these standards, particularly under normal conditions, it is recommended that the applicable section be included in full and as a part of the complete purchase specifications for the particular engine-generator unit. The Terminology, Section I, includes definitions and applications of terms and some explanatory comments. Pertinent portions of Section I, while not ordinarily transcribed in full, are made an integral part of each speed-governing specification as indicated in paragraphs 2 of Specification Sections II, III, and IV. 517 $aAIEE No 606-1959 606 $aInternal combustion engines 606 $aElectric measurements 606 $aElectric generators$xTesting 615 0$aInternal combustion engines. 615 0$aElectric measurements. 615 0$aElectric generators$xTesting. 676 $a681.2 801 0$bNjHacI 801 1$bNjHacl 906 $aDOCUMENT 912 $a9910136396603321 996 $aAIEE No 606-1959$93647560 997 $aUNINA LEADER 02762oam 2200637I 450 001 9910785876503321 005 20221206180058.0 010 $a0-429-06544-2 010 $a1-4665-8115-8 010 $a1-4398-5837-3 024 7 $a10.1201/b13096 035 $a(CKB)2670000000246457 035 $a(CtWfDGI)bkb00047253 035 $a(SSID)ssj0000720129 035 $a(PQKBManifestationID)11448804 035 $a(PQKBTitleCode)TC0000720129 035 $a(PQKBWorkID)10669072 035 $a(PQKB)10605972 035 $a(Au-PeEL)EBL1026857 035 $a(CaPaEBR)ebr10603096 035 $a(CaONFJC)MIL530536 035 $a(OCoLC)899155043 035 $a(OCoLC)810924688 035 $a(CaSebORM)9781439858370 035 $a(MiAaPQ)EBC1026857 035 $a(EXLCZ)992670000000246457 100 $a20180331d2013 uy 0 101 0 $aeng 135 $aurzn|||||| 181 $ctxt 182 $cc 183 $acr 200 10$aBusiness analysis for business intelligence /$fBert Brijs 205 $a1st edition 210 1$aBoca Raton, Fla. :$cCRC Press,$d2013. 215 $axxiii, 362 p 300 $aAn Auerbach book. 311 $a1-4398-5834-9 320 $aIncludes bibliographical references and index. 327 $ach. 1. Introduction -- ch. 2. The increasing cycle speed of growth and its laws -- ch. 3. Balancing the 5 Ps of strategic management -- ch. 4. Adapting BI to the organization's configuration -- ch. 5. Understanding the 4 Cs -- ch. 6. Business case for business intelligence -- ch. 7. BI and cost accounting -- ch. 8. BI and financial management -- ch. 9. BI and operations management -- ch. 10. BI and marketing management -- ch. 11. BI and human resources management -- ch. 12. Starting a BI project -- ch. 13. Managing the project life cycle -- ch. 14. Mastering data management -- ch. 15. Mastering data quality -- ch. 16. Business analyst's toolbox. 330 $aAligning business intelligence (BI) infrastructure with strategy processes not only improves your organization's ability to respond to change, but also adds significant value to your BI infrastructure and development investments. Until now, there has been a need for a comprehensive book on business analysis for BI that starts with a macro view and 606 $aBusiness intelligence 606 $aDecision making 606 $aStrategic planning 615 0$aBusiness intelligence. 615 0$aDecision making. 615 0$aStrategic planning. 676 $a658.4/72 700 $aBrijs$b Bert.$01533766 801 0$bMiAaPQ 801 1$bMiAaPQ 801 2$bMiAaPQ 906 $aBOOK 912 $a9910785876503321 996 $aBusiness analysis for business intelligence$93780886 997 $aUNINA